000 01000nam0a22003011 4500
001 rc\3046345
005 20250806202148.0
035 _a(NLR Aleph) 007186093
090 _a45071
_c45071
100 _a20111007d1944 u y0rusy50 ca
101 0 _arus
102 _aRU
105 _ay z |||||
200 1 _aИзбранное
_fФедор Гладков
210 _aМосква
_cГослитиздат
_d1944
_gтип. "Кр. пролетарий"
215 _a311 с.
_d20 см
327 1 _aСодерж.: Цемент; Боец Назар Суслов; Мать
464 0 _12001#$aЦемент
464 0 _12001#$aБоец Назар Суслов
464 0 _12001#$aМать
700 1 _aГладков
_bФ.В.
_f1883-1958
_gФедор Васильевич
801 0 _aRU
_bNLR
_gpsbo
801 1 _aRU
_bELAR
_2rusmarc
852 _aNLR
_bЛ
_j30 Г-3/185
942 _cBOOK
945 _aРоссийская национальная библиотека
980 _aNB
980 _aBV